000 00606nam a2200193Ia 4500
003 GCL
008 140319s9999 xx 000 0 ara d
040 _aGCL /
_cGCL
082 0 4 _a398.22
_bف ل
100 1 _aفراس السواح
245 1 0 _aلغز عشتار: الألوهة المؤنثة واصل الدين والاسطورة /
_cفراس السواح
300 _a432
490 _aالهيئة العامة للاستعلامات
_v0
650 0 4 _aالاساطير العربية
650 0 4 _aالادب الشعبى
650 0 4 _aالالهة
650 0 4 _aعشتار
942 _2ddc
_cBK
999 _c43751
_d43751